| 000 | 00827cam a22002771 4500 | ||
|---|---|---|---|
| 001 | 1612 | ||
| 003 | BD-RjUL | ||
| 005 | 20211208233354.0 | ||
| 008 | 150419s1966 ctua b 000 0 eng | ||
| 035 | _a(BD-RjUL) | ||
| 040 |
_aDLC _cDLC _dDLC _beng |
||
| 041 | _aeng | ||
| 082 | 0 | 0 |
_a324.2 _223 _bPOL 1966 |
| 245 | 1 | 0 |
_aPolitical oppositions in Western democracies / _cedited by Robert A. Dahl. |
| 260 |
_aNew Haven : _bYale University Press, _c1966. |
||
| 300 |
_axix, 458 p. : _billus. ; _c24 cm. |
||
| 504 | _aBibliography: p. 439-450. | ||
| 650 | 0 |
_aPolitical parties. _9116591 |
|
| 650 | 0 |
_aPolitics, Practical. _9116592 |
|
| 650 | 0 |
_aOpposition (Political science) _9116590 |
|
| 650 | 0 |
_aDemocracy. _9116593 |
|
| 700 |
_aDahl, Robert A. _9116589 |
||
| 942 |
_2ddc _cBK |
||
| 999 |
_c1612 _d1612 |
||